General Knowledge Trivia Quiz - Statistics

General Stats
  • This quiz has been taken 93 times
  • The average score is 5 of 15
Answer Stats
Hint Answer % Correct
What is the highest grossing movie? Avatar
83%
How many players are in a football team? 11
79%
What is the capital of Qatar? Doha
71%
Titania is a moon of what planet? Uranus
71%
Who was the youngest U.S. president to be elected? John F. Kennedy
52%
How many defenestrations of Prague were there? 3
36%
Who invented the cotton gin? Eli Whitney
36%
Who is the first person to obtain a 10 in gymnastics? Nadia Comaneci
28%
What is the capital of Brunei? Bandar Seri Begawan
27%
In what year was boxing introduced as an Olympic sport? 1904
9%
Who crossed the Alps using elephants? Hannibal Barca
8%
What is the chemical formula for acetate? CH3COO
7%
Which classical music composer has two skulls in his tomb? Joseph Haydn
4%
Shuku Shuku is a sweet from what country? Nigeria
4%
Who first began construction on the Panama Canal? Ferdinand de Lesseps
3%
No matching quizzes found
Score Distribution
Percent of People with Each Score
Percentile by Number Answered
Your Score History
You have not taken this quiz